000 00297nam a22001337a 4500
008 170829b xxu||||| |||| 00| 0 eng d
020 _ax000c1ljrv
041 _aeng
080 _a070
100 _a39
101 _aMED
245 _aTHE ONLINE JOURNALISM HANDBOOK
_cBRADSHAW,P
942 _2udc
_cBK
999 _c25292
_d25292